00283nam a2200121Ia 45000030006000000080041000060400015000471000019000622450026000812600025001075460012001320050017001440STCL150530s9999 xx 000 0 und d aSTCLcSTCL aJeffrey Archer aQuiver full of arrows bHarper Collinsc1980 aEnglish20220125171345.0